书目信息 |
| 题名: |
电磁学思考题分析与解答
|
|
| 作者: | ;四川师范学院电磁学教研组 编 | |
| 分册: | ||
| 出版信息: | 上海 上海科学技术出版社 1984 |
|
| 页数: | 323页 | |
| 开本: | 20cm | |
| 丛书名: | ||
| 单 册: | ||
| 中图分类: | O441-44 | |
| 科图分类: | ||
| 主题词: | 电磁学 , 电动力学 | |
| 电子资源: | ||
| ISBN: | ||
| 000 | 00676nam0 2200205 45 | |
| 001 | 0312221749 | |
| 005 | 20060424104623.64 | |
| 010 | @dCNY1.50 | |
| 091 | @a13119.1172 | |
| 100 | @a20031222d1984 km y0chiy0120 ea | |
| 101 | @achi | |
| 200 | 1 | @a电磁学思考题分析与解答@ADian Ci Xue Si Kao Ti Fen Xi Yu Jie Da@f四川师范学院电磁学教研组编@Fsi chuan shi fan xue yuan dian ci xue jiao yan zu bian |
| 210 | @a上海@c上海科学技术出版社@d1984 | |
| 215 | @a323页@d20cm | |
| 606 | 0 | @a电磁学 |
| 606 | 0 | @a电动力学 |
| 690 | @aO441-44@v3 | |
| 711 | 0 | @a四川师范学院电磁学教研组@Asi chuan shi fan xue yuan dian ci xue jiao yan zu@4编 |
| 801 | @aCN@bTSTCL@c20060424 | |
| 905 | @dO441-44@e26 | |
| 电磁学思考题分析与解答/四川师范学院电磁学教研组编.-上海:上海科学技术出版社,1984 |
| 323页;20cm |
| ISBN :CNY1.50 |
| ● |
| 相关链接 |
|
|
|
|
正题名:电磁学思考题分析与解答
索取号:O441-44/26
 
预约/预借
| 序号 | 登录号 | 条形码 | 馆藏地/架位号 | 状态 | 备注 |
| 1 | 0120046 | 001457140 | 第三借阅区/ [索取号:O441-44/26] | 在馆 | |
| 2 | 0120047 | 001457168 | 第三借阅区/ [索取号:O441-44/26] | 在馆 | |
| 3 | 0120048 | 001457159 | 第三借阅区/ [索取号:O441-44/26] | 在馆 | |
| 4 | 0120050 | 001457220 | 第三借阅区/ [索取号:O441-44/26] | 在馆 | |
| 5 | 0120053 | 001457122 | 第三借阅区/ [索取号:O441-44/26] | 在馆 | |
| 6 | 0120055 | 001457284 | 第三借阅区/ [索取号:O441-44/26] | 在馆 | |
| 7 | 0120056 | 001457266 | 第三借阅区/ [索取号:O441-44/26] | 在馆 | |
| 8 | 0120059 | 001457202 | 第三借阅区/ [索取号:O441-44/26] | 在馆 | |
| 9 | 0120060 | 001457453 | 第三借阅区/ [索取号:O441-44/26] | 在馆 | |
| 10 | 0120062 | 001457211 | 第三借阅区/ [索取号:O441-44/26] | 在馆 | |
| 11 | 0120066 | 001457186 | 第三借阅区/ [索取号:O441-44/26] | 在馆 | |
| 12 | 0120069 | 001457275 | 第三借阅区/ [索取号:O441-44/26] | 在馆 | |
| 13 | 0120074 | 001457257 | 第三借阅区/ [索取号:O441-44/26] | 在馆 | |
| 14 | 0120075 | 001457177 | 第三借阅区/ [索取号:O441-44/26] | 在馆 | |
| 15 | 0120076 | 001456917 | 第三借阅区/ [索取号:O441-44/26] | 在馆 | |
| 16 | 0120079 | 001457113 | 第三借阅区/ [索取号:O441-44/26] | 在馆 | |
| 17 | 0120080 | 001457248 | 第二样本阅览室/ [索取号:O441-44/26] | 在馆 | |
| 18 | 0157407 | 001939987 | 第三借阅区/ [索取号:O441-44/26] | 在馆 | |
| 19 | 0157408 | 202267938 | 密集书库/ [索取号:O441-44/26] | 在馆 | |
| 20 | 0157409 | 001457373 | 第三借阅区/ [索取号:O441-44/26] | 在馆 | |
| 21 | 0157410 | 001457417 | 第三借阅区/ [索取号:O441-44/26] | 在馆 |